Union Library Management V6
เปลี่ยนเป็นภาษาไทย

Change to English
 แสดงรายละเอียดบรรณานุกรม
  กลับหน้าหลัก

Brief Record : Get Marc (ISO 2709) : E-mail record : QR code < ปิดหน้าต่าง
LEADER : 00000nam 2200000uu 4500
001    13399121942
003     ULIB
008    100906s||||||||th 000 0 tha d
020    9786162799334
040    brv
050  0 WO275^bศ486ต 2559
060 04 WO275^bศ486ต 2559
100 0  ^aศิริวรรณ จิรสิริธรรม, บรรณาธิการ
245 00 ตำราวิทยาศาสตร์พื้นฐานวิสัญญีวิทยารามาธิบดี =^bRamathibodi Textbook of Basic Science in Anesthesiology /^cศิริวรรณ จิรสิริธรรม, บรรณาธิการ
250    พิมพ์ครั้งที่ 1 (ราคา 850 บาท)
260    กรุงเทพฯ :^bโครงการตำรารามาธิบดี คณะแพทยศาสตร์ โรงพยาบาลรามาธิบดี มหาวิทยาลัยมหิดล,^c2559
300    ^a 1,068 หน้า :^bภาพประกอบ ; ตาราง ;^c27 ซม.
505 0  1. บทนำวิสัญญีวิทยา
505 0  2. ฟิสิกส์สำหรับวิสัญญีวิทยา
505 0  3. กายวิภาคสำหรับการระงับความรู้สึกเฉพาะส่วน
505 0  4. ระบบประสาทวิทยาพื้นฐานและการระงับความรู้สึก
505 0  5. สรีรวิทยาของระบบหายใจ
505 0  6. สรีรวิทยาของระบบทางเดินอาหาร
505 0  7. กายวิภาคและสรีรวิทยาของไตและทางเดินปัสสาวะ
505 0  8. ระบบต่อมไร้ท่อและเมตาบอลิซึม
505 0  9. ระบบโลหิตวิทยา
505 0  10. ระบบภูมิคุ้มกัน
505 0  11. สารน้ำและอิเลคโทรไลท์
505 0  12. สมดุลกรด-ด่าง และการตรวจวิเคราะห์ก๊าซในเลือดแดง
505 0  13. โภชนาศาสตร์ในผู้ป่วยวิกฤต
505 0  14. การควบคุมอุณหภูมิกาย
505 0  15. ความปวด
505 0  16. ความรู้พื้นฐานทางเภสัชวิทยา
505 0  17. ยาระงับความรู้สึกชนิดไอระเหย
505 0  18. ยาระงับความรู้สึกทางหลอดเลือดดำ
505 0  19. ยาระงับปวดกลุ่มโอพีออยด์
505 0  20. ยาระงับปวดกลุ่ม non-opioid
505 0  21. ยาคลายกล้ามเนื้อ
505 0  22. ยาชาเฉพาะที่
505 0  23. ยาที่ออกฤทธิ์ต่อระบบหัวใจและหลอดเลือด
505 0  24. ยาที่ออกฤทธิ์ต่อระบบทางเดินหายใจ
505 0  25. ยาอื่นๆ ที่เกี่ยวข้องกับการระงับความรู้สึก
505 0  26. ปฏิกิริยาระหว่างยา
505 0  27. ปฏิกิริยาไม่พึงประสงค์จากการใช้ยา
505 0  28. หลักการเฝ้าระวัง
505 0  29. การติดตามการทำงานของระบบประสาทและกล้ามเนื้อ
505 0  30. การเฝ้าระวังระบบไหลเวียนเลือด
505 0  31. การเฝ้าระวังระบบไหลเวียนเลือดด้วย Invasive Monitorings
505 0  32. คลื่นไฟฟ้าหัวใจสำหรับวิสัญญีแพทย์
505 0  33. การเฝ้าระวังระบบการหายใจ
505 0  34. ออกซิเจนในเลือดแดงและเนื้อเยื่อ
505 0  35. การเฝ้าระวังอุณหภูมิกาย
505 0  36. บันทึกการให้ยาระงับความรู้สึกในฐานะเครื่องมือเฝ้าระวัง
505 0  37. เครื่องให้ยาดมสลบ
505 0  38. วงจรให้ยาดมสลบ
505 0  39. เครื่องระเหยยาดมสลบ
505 0  40. เครื่องช่วยหายใจในเครื่องดมยาสลบ
505 0  41. เครื่องให้ยาระงับความรู้สึกชนิดบริหารเข้าหลอดเลือดดำโดยวิธีควบคุมเป้าหมาย
505 0  42. อุปกรณ์ให้ยาทางช่องน้ำไขสันหลังและช่องเหนือเยื่อดูรา
505 0  43. เครื่องควบคุมการให้ยาระงับปวด PCA
505 0  44. อุปกรณ์สำหรับการควบคุมอุณหภูมิร่างกาย
505 0  45. เครื่องช็อคไฟฟ้าหัวใจ และเครื่องคุมจังหวะการเต้นของหัวใจ
505 0  46. อันตรายจากไฟฟ้า ไฟ้ไหม้ และระเบิดในห้องผ่าตัด
505 0  47. การทำให้ปราศจากเชื้อและการยับยั้งการติดเชื้อ
505 0  48. การตรวจทางรังสีวิทยาของกระดูกสันหลังส่วนคอสำหรับวิสัญญีแพทย์
505 0  49. การตรวจทางรังสีวิทยาของกระดูกสันหลังส่วนเอวสำหรับวิสัญญีแพทย์
505 0  50. การตรวจทางรังสีวิทยาด้วยคลื่นแม่เหล็กไฟฟ้าสำหรับวิสัญญีแพทย์
650  7 ^aวิสัญญีวิทยา
650  7 ^aวิสัญญีพื้นฐาน
650  7 ^aการระงับความรู้สึก
945    ^p850^l0^i074455
945    ^p850^l0^i074456
945    ^p850^l0^i074457
945    ^p850^l0^i074458
945    ^p850^l0^i074459
999    ^aวนิดา อินทโอภาส
 
รายการนี้ยังไม่มีแท็ก
คุณยังไม่ได้ล็อกอิน คุณสามารถมีกิจกรรมร่วมกับเว็บไซต์ได้ แต่ต้องล็อกอินก่อน ::
  ล็อกอิน
  One Stop Service : ศูนย์ให้บริการแบบเบ็ดเสร็จ   จัดการหนังสือโปรด   แจ้งรายการบรรณานุกรมผิดพลาด
ลำดับที่ ประเภท เลขเรียก/บาร์โค้ด สถานที่ สถานะ
1. หนังสือ
หนังสือ
WO275 ศ486ต 2559 c.1 
  Barcode: 074455
ห้องสมุดฝั่งเขลางค์
►หนังสือทั่วไป
บนชั้น
  ขอยืม
2. หนังสือ
หนังสือ
WO275 ศ486ต 2559 c.2 
  Barcode: 074456
ห้องสมุดฝั่งเขลางค์
►หนังสือทั่วไป
บนชั้น
  ขอยืม
3. หนังสือ
หนังสือ
WO275 ศ486ต 2559 c.3 
  Barcode: 074457
ห้องสมุดฝั่งเขลางค์
►หนังสือทั่วไป
บนชั้น
  ขอยืม
4. หนังสือ
หนังสือ
WO275 ศ486ต 2559 c.4 
  Barcode: 074458
ห้องสมุดฝั่งเขลางค์
►หนังสือทั่วไป
บนชั้น
  ขอยืม
5. หนังสือ
หนังสือ
WO275 ศ486ต 2559 c.5 
  Barcode: 074459
ห้องสมุดฝั่งเขลางค์
►หนังสือทั่วไป
บนชั้น
  ขอยืม

รายการใกล้เคียง
    ผู้แต่ง [ศิริวรรณ จิรสิริธรรม, บรรณาธิการ]

    หัวเรื่อง [วิสัญญีวิทยา]
    หัวเรื่อง [วิสัญญีพื้นฐาน]
    หัวเรื่อง [การระงับความรู้สึก]

BibComment


ยังไม่เคยถูกคอมเมนท์

คอมเมนท์ทรัพยากรรายการนี้
  คอมเมนท์: ตำราวิทยาศาสตร์พื..

 
 
 

 Union Library Management : ULibM
Copyright 2026. All Rights Reserved.